000
00371nam a22001577a 4500
003
MPLRDC
005
20220104143501.0
008
210129b ||||| |||| 00| 0 eng d
082
_a
848.1 ZHS-10 c.3
100
_a
张恨水著
245
_a
五子登科
_c
260
_a
_b
南国出版社
_c
300
_b
平
650
_a
现代别集
942
_c
BK
_o
848.1 ZHS-10 c.3
999
_c
40346
_d
40336